Quiz sur la Libye - Statistiques

Statistiques générales
  • Ce quiz a été pris 4 205 fois
  • Le résultat moyen est 15 sur 20
Statistiques - réponses
Question Réponse % Correct
Pays frontaliers Algérie
97%
Langue officielle Arabe
97%
Pays frontaliers Égypte
97%
Pays frontaliers Tunisie
96%
Désert qui traverse le sud de la Libye Sahara
95%
Pays frontaliers Soudan
93%
Capitale et plus grande ville Tripoli
93%
Seule couleur du drapeau jusqu'en 2011 Vert
93%
Pays frontaliers Tchad
91%
Pays européen qui a colonisé la Libye de 1912 à 1943 Italie
90%
La Libye est le pays africain qui a le plus de réserves de ___ prouvées Pétrole
90%
Ensemble de révolutions dans le monde arabe qui a mené à sa destitution {Printemps} Arabe
89%
Pays frontaliers Niger
87%
Dictateur, entre 1969 et 2011 Mouammar Kadhafi
76%
Devise monétaire Dinar
75%
Signification de ce nom en grec Trois Villes
37%
Deuxième ville la plus peuplée Benghazi
36%
La Libye est le 2ème pays avec le moins de ___ , derrière son voisin oriental Précipitations
21%
Historiquement, le littoral libyen faisait partie de cette zone pleine de pirates Côte des {Barbaresques}
16%
Avion que la Libye a fait exploser au dessus de l'Écosse en 1988 Vol {Pan} {Am} 103
12%
Aucun quiz correspondant
Distribution des résultats
% des personnes avec chaque résultat
Percentile par nombre de réponses
Votre historique - résultats
Vous n’avez pas pris ce quiz